000 00337 a2200169 4500
001 186545
020 _a978-85-16-07184-4
040 _cMagnum
100 _aRocha, Ruth
240 1 0 _aElefante?
_lpor
245 1 0 _aElefante?
300 _a21
362 0 _a2011
440 1 _aModerna
697 _aLITERATURA INFANTIL
942 _cBK
999 _c186545
_d186545